| 000 | 01521nam a2200253 i 4500 | ||
|---|---|---|---|
| 003 | IT-RoINE | ||
| 005 | 20200622054402.0 | ||
| 008 | 900725s1964 sp r | spa d | ||
| 245 | 0 | 0 |
_aDocumentos para la Historia del Monasterio de San Lorenzo el Real de El Escorial. _pVII. |
| 260 |
_aMadrid : _bImprenta del Real Monasterio, _c1964. |
||
| 300 |
_a470 p. ; _c24 cm. |
||
| 336 |
_2rdacontent _atext |
||
| 337 |
_2rdamedia _aunmediated |
||
| 338 |
_2rdacarrier _avolume |
||
| 505 | 0 | _g1. Entrega de la librería real de Felipe II (1576) -- 2. La biblioteca de don Diego Hurtado de Mendoza (1576) -- 3. Los códices griegos de Teófilo Ventura (1576) -- 4. La biblioteca de don Pedro Fajardo, marqués de los Vélez (1581) -- 5. Los libros confiscados a don Alonso Ramírez de Prado (1611) -- 6. Los libros de la testamentaría de Felipe II (1611) -- 7. Relación de la visita de Felipe IV a El Escorial en 1656 por su capellán Julio Chifflet / edición, prólogos y notas por Gregorio de Andrés. | |
| 600 | 1 |
_aVélez, Pedro Fajardo Chacón, Marqués de los, _d1478-1542 _963272 |
|
| 600 | 1 |
_aFajardo, Pedro, _cMarqués de los Vélez, _dca. 1530-1579 _963273 |
|
| 600 | 1 |
_aRamírez de Prado, Alonso, _d1549-1608 _963274 |
|
| 600 | 1 |
_aChifflet, Jules, _d1615-1676 _963275 |
|
| 610 | 2 | 4 |
_924857 _aMonasterio de El Escorial (San Lorenzo de El Escorial, España) _xHistoria _xFuentes |
| 600 | 1 |
_963271 _aHurtado de Mendoza, Diego, _d1503-1575 |
|
| 700 | 1 |
_aAndrés, Gregorio de, _cO.S.A., _d1919-2005 _99849 |
|
| 942 | _cMTS | ||
| 999 |
_c32263 _d32263 |
||